00650nam a2200217Ia 4500003000400000005001700004008004100021020001900062040000700081041000800088082001700096100002200113245004400135260003800179300000900217650002200226700002000248942001300268999001900281952013200300OSt20250902101040.0250729s2004 xx 000 0 und d a978-8176484893 cAL aeng a371.333 NAYC aNayak A K9222381 aClassroom teaching methods and practice aNew DelhibA P H Publishingc2004 a374p aEducation9222382 aRao V K9222383 2ddccBED c235436d235436 00104070aALbALd2025-07-29eSita Book Houseg240.00l0o371.333 NAYCpBED00755r2025-07-29 16:53:59v240.00w2025-07-29yBK